| 000 | 00472 a2200229 4500 | ||
|---|---|---|---|
| 260 | _aRome | ||
| 440 | _n27 | ||
| 260 | _bFAO | ||
| 245 | _aLe sorgho et les mils dans la nutrition humaine | ||
| 300 | _aIV-198 p. | ||
| 260 | _c1995 | ||
| 130 | _lFr. | ||
| 440 | _aAlimentation et nutrition | ||
| 710 | _aFAO | ||
| 690 | _aCéréal | ||
| 690 | _aSorgho | ||
| 690 | _aMil | ||
| 020 | _a92-5-203381-5 | ||
| 440 | _x0253-2549 | ||
| 999 |
_c24377 _d24377 |
||